[Event "Almaty Open 2017"]
[Site "Almaty"]
[Date "2017.10.09"]
[Round "7"]
[White "Filippov, Anton"]
[Black "Suleymenov, Alisher"]
[Result "1-0"]
[WhiteElo "2592"]
[BlackElo "2317"]
[Annotator "TA"]
[PlyCount "71"]
[EventDate "2017.??.??"]
[EventType "swiss"]
[EventCountry "KAZ"]
[SourceTitle "playchess.com"]
[Source "ChessBase"]
[SourceQuality "1"]

{[%evp 27,71,41,44,30,44,47,48,23,35,26,12,0,39,39,70,90,82,65,80,48,111,108,114,110,112,38,75,84,300,285,576,584,878,877,1094,987,1263,931,29994,1294,1217,1138,1602,1595,1554,1547]} 1. e4 e6 2. d4 d5 3. Nd2 Nf6 4. e5 Nfd7 5. Bd3 c5 6. c3 Nc6 7. Ne2 cxd4 8. cxd4 f6 9. exf6 Qxf6 10. Nf3 h6 11. O-O Bd6 12. Ng3 O-O 13. Bc2 {C06: Französische Verteidigung (Tarrasch-Variante)} Rf7 14. Nh5 Qe7 {LiveBook: 8 Partien} 15. Be3 $146 {Weiß steht etwas besser.} ({Vorgänger:} 15. Bg6 Rxf3 16. Qxf3 Nxd4 17. Qd1 Ne5 18. Qxd4 Nxg6 19. Be3 Qf7 20. f4 Ne7 {½-½ (84) Petenyi,T (2448)-Antal,G (2529) Zalakaros 2014}) 15... Nf8 16. Rc1 Bd7 17. Bb1 Be8 18. Rc3 Bb4 19. Rc1 Bd6 20. a3 Rd8 21. Re1 Bb8 22. b4 a6 23. Ng3 Rf6 (23... Qf6 $14) 24. Ne5 $1 $16 Nxe5 25. dxe5 Bxe5 26. Bb6 (26. Bc5 $1 $16 {[%cal Rc5e7]} Bd6 27. Nf5 $1 {[%mdl 512]} Rxf5 28. Bxf5) 26... Bb2 27. Rc7 $36 {[%mdl 2048] Weiss hat starke Initiative.} Rd7 $2 {[#]} (27... Qd6 $16 {war angesagt.} 28. Rxb7 Rc8) 28. Rc8 $1 $18 Rf7 $2 (28... Qf7 29. Qd2 Bxa3) 29. Bc5 Qf6 30. Rxe8 d4 31. Ne4 Qf4 32. Qd3 {jetzt Sf6+! und aus.} Bc3 {[#]} 33. Rf1 (33. Nf6+ $142 $1 {[%mdl 512]} gxf6 (33... Qxf6 34. Qh7#) 34. Qg6+ Kh8 35. Bxf8 Qxf2+ 36. Kxf2 Bxe1+ 37. Kxe1 Rh7 38. Bxh6#) 33... Qf5 {Weiß steht klar auf Gewinn.} 34. h3 Rd5 35. g4 Qg6 {[#]} 36. Nf6+ $1 {[%mdl 512] Precision: Weiß = 60%, Schwarz = 21%.} 1-0

[Event "Almaty Open 2017"]
[Site "Almaty"]
[Date "2017.10.09"]
[Round "7"]
[White "Malakhatko, Vadim"]
[Black "Askarov, Bakhtiyar"]
[Result "1-0"]
[WhiteElo "2511"]
[BlackElo "2407"]
[Annotator "TA"]
[PlyCount "79"]
[EventDate "2017.??.??"]
[EventType "swiss"]
[EventCountry "KAZ"]
[SourceTitle "playchess.com"]
[Source "ChessBase"]
[SourceQuality "1"]

{[%evp 19,79,17,35,24,22,31,54,45,44,36,40,8,22,0,14,14,0,0,6,-54,-50,-64,-62,-50,-28,-114,39,19,203,207,209,204,397,379,410,49,49,49,49,50,50,56,56,56,56,56,99,101,116,125,228,207,221,225,525,518,510,494,1172,1099,805,422]} 1. d4 Nf6 2. c4 g6 3. Nc3 Bg7 4. e4 d6 5. Nf3 O-O 6. Be2 e5 7. O-O Nc6 8. d5 Ne7 9. b4 a5 10. Ba3 Nd7 11. bxa5 {E97: King's Indian: Classical Main Line (6...e5 7 0-0 Nc6): 8 Be3 and 8 d5 Ne7, not 9 Ne1} Rxa5 12. Bb4 Ra6 (12... Ra8 13. a4 Bh6 14. a5 f5 15. Bd3 Kh8 16. Re1 Nf6 17. c5 fxe4 18. cxd6 cxd6 19. Nxe4 Nxe4 20. Bxe4 Bf5 21. Rb1 Qd7 22. h3 Rac8 23. Qb3 {½-½ (90) Kramnik,V (2790)-Carlsen,M (2813) Nice 2010}) 13. a4 {White is slightly better.} Bh6 14. Nd2 f5 15. Nb3 {Black should prevent c5.} Nf6 16. c5 fxe4 17. Bxa6 bxa6 18. Na5 $36 {[%mdl 2048] White fights for an advantage.} Bg4 19. Qe1 $146 (19. Qc2 $11) 19... Nexd5 $15 20. Nxd5 Nxd5 21. Qxe4 Be6 22. Ba3 (22. Rab1 $11) 22... Bf4 $2 ({Better is} 22... Nf4 $1 $17 23. f3 d5) 23. g3 $14 Qd7 $2 (23... Bd2 $1 $11 {and Black stays safe.} 24. Nb3 Bg5) 24. cxd6 $1 $18 (24. gxf4 Nxf4 25. f3 Bd5 $17) 24... cxd6 {[#]} 25. Nc4 $1 (25. gxf4 Nxf4 26. Rad1 Bh3 $15) 25... Rc8 $2 (25... Nc3 {was called for.} 26. Qd3 Bh6 27. Bxd6 (27. Qxc3 Rc8 $16) 27... Rc8 28. Nxe5 (28. Qxc3 Rxc4 29. Qa3 Qc6 $16) 28... Qb7 29. Nxg6 Bh3 30. Ne7+ Kf7 31. Qxh7+ Ke8 32. Qg8+ Bf8) 26. Nxd6 ({Stronger than} 26. gxf4 Rxc4 27. Qxc4 Nxf4 $11) 26... Nc3 27. Qd3 $2 ({White has to play} 27. Qe1 $18) 27... e4 $1 $14 {[%cal Re4d3]} 28. Qxa6 Bxd6 $1 29. Qxd6 {Rfe1 is the strong threat.} Ne2+ $1 30. Kh1 {aiming for Qxd7.} Qf7 {[%cal Rf7f3]} 31. f3 $1 Bh3 32. Rf2 {And now f4 would win.} exf3 {[#] Hoping for ...Qb7.} 33. Qd3 $1 Rc3 34. Qe4 h5 (34... Bf5 $16 35. Qe7 Qxe7 36. Bxe7 Rc2) 35. Bb2 $18 Rb3 36. Be5 {Threatens to win with Rd1.} ({Resist} 36. Qa8+ $6 Qf8) 36... Bg2+ $2 (36... Qe8 37. Qd5+ (37. Rxf3 $2 Rxf3 38. Qxf3 Qxe5 $19) 37... Be6) 37. Rxg2 {White is clearly winning.} fxg2+ 38. Kxg2 Nc3 (38... Kh7 $142 39. Rf1 (39. Qxe2 Qd5+ 40. Kf2 Qc5+ 41. Kf1 Qd5 $18) 39... Qb7 40. Qxb7+ Rxb7) 39. Qa8+ Qf8 40. Qxf8+ {Precision: White = 52%, Black = 38%.} 1-0

[Event "Almaty Open 2017"]
[Site "Almaty"]
[Date "2017.10.09"]
[Round "7"]
[White "Vahidov, Tair"]
[Black "Fier, Alexandr"]
[Result "1/2-1/2"]
[WhiteElo "2416"]
[BlackElo "2573"]
[Annotator "TA"]
[PlyCount "90"]
[EventDate "2017.??.??"]
[EventType "swiss"]
[EventCountry "KAZ"]
[SourceTitle "playchess.com"]
[Source "ChessBase"]
[SourceQuality "1"]

{[%evp 22,90,31,31,29,16,27,20,18,22,11,9,35,36,41,35,33,-6,63,70,58,62,85,72,73,64,75,52,55,62,66,49,62,58,127,71,50,75,62,51,42,40,60,0,49,-18,87,144,125,48,54,47,47,47,52,58,54,24,20,0,39,0,0,0,0,0,1,0,0,0,0]} 1. d4 Nf6 2. c4 g6 3. Nc3 Bg7 4. Nf3 O-O 5. g3 c5 6. Bg2 cxd4 7. Nxd4 Qc7 {E60: King's Indian: Unusual lines and Fianchetto Variation without Nc3} 8. b3 d5 9. Ndb5 Qa5 10. Bd2 dxc4 11. bxc4 Qd8 12. O-O {LiveBook: 15 Games} a6 13. Na3 Nbd7 {[#]} 14. Qe1 $146 ({Predecessor:} 14. Na4 Nb6 15. Nxb6 Qxb6 {½-½ (34) Hammer,J (2651)-Fier,A (2601) Reykjavik 2015}) 14... Nc5 15. Rd1 Be6 {[#]} 16. Nd5 $1 {[%mdl 512]} Nxd5 (16... Bxd5 17. cxd5) 17. cxd5 Bd7 18. Bb4 Rc8 19. d6 e6 (19... Ba4 $11) 20. Rc1 $14 b6 21. Qd2 Na4 {...a5 is the strong threat.} 22. Rxc8 Qxc8 23. Rc1 Qd8 $1 {Threatens to win with ...a5.} 24. Qd3 a5 25. Bd2 Nc5 26. Qb1 Qb8 27. Be3 Qa7 ({Black should play} 27... Rc8 $14) 28. Nb5 (28. Nc4 $142 Rb8 29. f4) 28... Qa6 $16 29. Nc7 Qxe2 30. Qxb6 Na4 $1 {[%cal Ra4b6]} ({Don't go for} 30... Nd3 $2 31. Bf1 $18) 31. Qxa5 {aiming for Bf1.} Nc3 32. Bf1 (32. Na6 $14) 32... Qb2 (32... Qf3 $5 33. Bg2 $8 (33. Rxc3 $2 Bxc3 34. Qxc3 Bc6 $19) 33... Qe2 $14) 33. Na6 (33. Re1 $14) 33... Ne2+ (33... Nd5 $11 34. Rc7 Nxc7 35. dxc7 Rc8) 34. Bxe2 $1 Qxe2 {[#]} 35. Qc7 ({Better is} 35. Qb6 $1 $16 e5 36. Nc5) 35... Bb5 $14 36. d7 Bxd7 $1 37. Qxd7 {Black must now prevent Bc5.} Qxa6 38. a4 h5 39. Rc7 {Strongly threatening Bc5.} Be5 40. Ra7 $36 {[%mdl 2048] Black is under pressure.} Qc4 41. Bh6 Bg7 {The position is equal.} 42. Rc7 Qe4 43. Bxg7 Kxg7 44. h4 e5 45. Qe7 Qxa4 {Precision: White = 65%, Black = 48%.} 1/2-1/2

[Event "Almaty Open 2017"]
[Site "Almaty"]
[Date "2017.10.09"]
[Round "7"]
[White "Vokhidov, Shamsiddin"]
[Black "Mamyrbay, Assad"]
[Result "1-0"]
[WhiteElo "2399"]
[BlackElo "2265"]
[Annotator "TA"]
[PlyCount "71"]
[EventDate "2017.??.??"]
[EventType "swiss"]
[EventCountry "KAZ"]
[SourceTitle "playchess.com"]
[Source "ChessBase"]
[SourceQuality "1"]

{[%evp 16,71,29,25,29,30,25,32,39,16,34,29,33,51,62,23,25,15,16,7,65,65,71,37,81,43,37,46,54,52,131,98,254,208,412,388,382,83,100,100,100,98,280,270,254,238,335,364,335,338,12831,12831,12825,230,12825,12826,12822,6305]} 1. e4 e5 2. Nf3 Nc6 3. Bb5 Nf6 4. d3 Bc5 5. c3 O-O 6. O-O {C65: Ruy Lopez: Berlin Defence (3...Nf6), unusual lines and 4 0-0 Bc5} (6. Bg5 h6 7. Bh4 Be7 8. O-O d6 9. Bg3 Bg4 10. h3 Bh5 11. Nbd2 Nd7 12. d4 exd4 13. Bxc6 bxc6 14. cxd4 {½-½ (34) Grandelius,N (2653)-Caruana,F (2799) Douglas 2017}) 6... Re8 7. Re1 a6 8. Ba4 b5 9. Bb3 {LiveBook: 16 Games} Bb6 10. Bg5 $146 {[%cal Bc1g5,Bg5h4,Bh4g3][%mdl 32]} ({Predecessor:} 10. a4 Bb7 11. Bg5 h6 12. Bh4 d6 13. Bd5 g5 14. Nxg5 Nxd5 15. exd5 hxg5 {0-1 (30) Mista,A (2584)-Balogh,C (2632) Germany 2014}) 10... h6 11. Bh4 d6 12. Nbd2 g5 13. Bg3 Na5 14. Bc2 Nh5 15. Nf1 (15. Nxe5 $5 Nxg3 16. Ng4 $14) 15... Qf6 16. Ne3 Bxe3 17. Rxe3 Nxg3 ({Better is} 17... c5 $11) 18. fxg3 $14 c5 19. Qd2 Qg6 20. Re2 f5 21. b4 cxb4 22. cxb4 Nc6 (22... fxe4 $14 23. Nxe5 (23. dxe4 Nc4 $15) (23. Rxe4 Nc6 $11) 23... dxe5 24. bxa5 Rd8) 23. Rc1 Kg7 $2 {[#]} (23... Nd8 $16) 24. d4 $1 $18 Nxd4 $2 (24... exd4 {was worth a try.} 25. exf5 (25. Nxd4 Nxd4 26. Qxd4+ Qf6 $16) 25... Rxe2 26. Qxe2 (26. fxg6 Rxd2 27. Nxd2 Bd7 $15) 26... Qf6) 25. Nxd4 exd4 26. exf5 $2 (26. Bb3 $18 {And now exf5 would win.} Qf6 27. Rc7+ Kh8 28. exf5 Rxe2 29. Qxe2) 26... Rxe2 $16 27. Qxe2 {White threatens Qe7+ and mate.} (27. fxg6 $2 {perishes.} Rxd2 28. Be4 Ra7 $19) 27... Bxf5 {Threatens to win with ...Rc8.} 28. Qe7+ Kh8 $2 (28... Kg8 $16 {is a better defense.}) 29. Bxf5 $18 Qxf5 30. Qxd6 {[%mdl 4096] Endgame KQR-KQR} Qf8 (30... Rf8 $142 31. Qxh6+ (31. Qxd4+ Qf6 $16) 31... Kg8) 31. Qxd4+ Qg7 32. Qd6 Ra7 $2 (32... Qf8 33. Qe6 Rd8 34. Qxa6 Rd2) 33. Rc8+ Kh7 34. Qd3+ Qg6 {[#]} 35. Rh8+ $1 {[%mdl 512]} Kg7 {[#]} (35... Kxh8 36. Qxg6) 36. Rg8+ $1 {[%mdl 512] Precision: White = 63%, Black = 32%.} 1-0

[Event "Almaty Open 2017"]
[Site "Almaty"]
[Date "2017.10.09"]
[Round "7"]
[White "Akhmetov, Ayan"]
[Black "Ankudinova, Yelena"]
[Result "1-0"]
[WhiteElo "2397"]
[BlackElo "2130"]
[Annotator "NA"]
[PlyCount "87"]
[EventDate "2017.??.??"]
[EventType "swiss"]
[EventCountry "KAZ"]
[SourceTitle "playchess.com"]
[Source "ChessBase"]
[SourceQuality "1"]
[TimeControl "5400+30"]

{[%evp 8,80,44,27,67,60,95,70,95,84,110,123,113,46,91,94,110,106,120,64,43,48,279,271,324,291,283,246,218,245,230,32767,421,423,431,454,553,367,316,150,171,43,29,16,21,30,43,48,40,29,18,18,126,112,182,184,226,255,262,-7,0,-5,0,0,0,0,0,0,0,0,22,16,8,0,106]} 1. e4 {[%emt 0:06:36]} g6 {[%emt 0:04:17]} 2. d4 {[%emt 0:01:08]} Bg7 {[%emt 0:00:07]} 3. f4 {[%emt 0:00:37]} d6 {[%emt 0:01:25]} 4. Nf3 {[%emt 0:00:20]} Nf6 {[%emt 0:00:42]} 5. Bd3 {[%emt 0:00:05] LiveBook: 38 Games} Bg4 {[%emt 0:07:15] B07: Pirc Defence: Miscellaneous Systems} (5... O-O 6. O-O Nc6 7. Qe1 d5 8. e5 Ne4 9. c4 f5 10. cxd5 Qxd5 11. Nc3 Nxc3 12. bxc3 e6 13. Bd2 b6 14. h4 Qd8 {1-0 (48) Kaczmarek,A (2301)-Drazic,S (2422) Krakow 2015}) 6. O-O {[%emt 0:00:42]} c6 {[%emt 0:11:12]} 7. Be3 {[%emt 0:01:40]} Nbd7 {[%emt 0:01:11]} 8. Nbd2 {[%emt 0:00:27]} Qc7 $146 {[%emt 0:01:01]} 9. h3 {[%emt 0:01:08]} Bxf3 {[%emt 0:00:07]} 10. Nxf3 {[%emt 0:00:29]} (10. Qxf3 $16 O-O 11. c3 b5 12. f5 a5 13. h4 {1-0 (24) Ramdat Tewarie,J (1897)-Veer,W (1914) Paramaribo 2012}) 10... e6 {[%emt 0:05:29]} 11. c4 {[%emt 0:01:19]} O-O {[%emt 0:16:51]} 12. e5 {[%emt 0:04:18]} Ne8 {[%emt 0:01:56]} 13. c5 {[%emt 0:01:37]} dxc5 $1 {[%emt 0:05:34]} 14. dxc5 {[%emt 0:00:01]} f6 $2 {[%emt 0:04:55]} (14... Qd8 $14) 15. Bc4 {[%emt 0:10:38]} Rd8 {[%emt 0:00:12]} 16. Bxe6+ {[%emt 0:00:33]} Kh8 {[%emt 0:00:03]} 17. Qb3 {[%emt 0:00:23]} fxe5 {[%emt 0:00:32]} 18. Ng5 {[%emt 0:00:43]} exf4 {[%emt 0:01:34] [#]} 19. Bxf4 $1 {[%emt 0:03:28]} Bd4+ {[%emt 0:11:02]} (19... Qa5 $142) 20. Be3 {[%emt 0:00:30]} Bxe3+ {[%emt 0:00:30]} 21. Qxe3 {[%emt 0:00:06]} Ndf6 {[%emt 0:00:27]} 22. Rae1 {[%emt 0:01:26]} Qg7 {[%emt 0:00:47]} 23. Bb3 {[%emt 0:00:43]} ({White should try} 23. Qb3 $18) 23... Nc7 {[%emt 0:00:17]} 24. Qe7 {[%emt 0:02:19]} (24. Qf4 $18) 24... Rd7 {[%emt 0:00:15]} 25. Qe5 {[%emt 0:01:54]} h6 $1 {[%emt 0:02:11]} 26. Nf3 {[%emt 0:22:04]} Nfd5 {[%emt 0:02:24]} 27. Qg3 {[%emt 0:00:15]} Rdf7 {[%emt 0:01:55]} 28. Rf2 {[%emt 0:01:24]} g5 {[%emt 0:00:31]} 29. Rfe2 {[%emt 0:01:21]} Qf6 {[%emt 0:01:06] [#]} (29... Nf4 $11 {remains equal.}) 30. Bxd5 $1 {[%emt 0:04:11]} Nxd5 {[%emt 0:00:23]} 31. Re6 {[%emt 0:00:09]} Qg7 {[%emt 0:00:11] [#]} 32. Ne5 $1 {[%emt 0:01:46]} Rf6 {[%emt 0:00:34]} 33. Ng4 $2 {[%emt 0:00:16]} (33. Rd6 $18) 33... Rxe6 {[%emt 0:01:46]} 34. Rxe6 {[%emt 0:00:56]} Qxb2 {[%emt 0:05:25]} 35. Kh2 {[%emt 0:03:21]} Qd4 {[%emt 0:00:47]} 36. Rxh6+ {[%emt 0:00:37]} Kg7 {[%emt 0:00:02]} 37. Rd6 {[%emt 0:00:01]} Qf4 {[%emt 0:00:19]} 38. Ne5 {[%emt 0:00:09]} Nf6 {[%emt 0:00:41]} 39. Qxf4 {[%emt 0:01:05]} gxf4 {[%emt 0:00:02]} 40. Nd3 {[%emt 0:00:21]} Rf7 $16 {[%emt 0:00:33]} (40... Nd5 $11) 41. Nxf4 {[%emt 0:03:11]} Ne4 {[%emt 0:00:03]} 42. Ne6+ {[%emt 0:04:22]} Kf6 {[%emt 0:00:10]} 43. Rd4 {[%emt 0:00:01]} Ke5 {[%emt 0:03:39]} 44. Rxe4+ {[%emt 0:00:20]} 1-0

[Event "Almaty Open 2017"]
[Site "Almaty"]
[Date "2017.10.09"]
[Round "7"]
[White "Kozganbay, Erkin"]
[Black "Khusenkhojaev, Muhammad"]
[Result "1-0"]
[WhiteElo "2342"]
[BlackElo "2466"]
[Annotator "TA"]
[PlyCount "69"]
[EventDate "2017.??.??"]
[EventType "swiss"]
[EventCountry "KAZ"]
[SourceTitle "playchess.com"]
[Source "ChessBase"]
[SourceQuality "1"]

{[%evp 13,69,26,63,65,111,43,106,87,85,78,77,14,99,85,136,129,166,150,166,74,125,120,141,142,157,138,129,72,77,91,91,93,161,147,61,86,88,22,29,22,31,48,63,60,130,131,137,135,447,447,433,408,1937,1806,1304,1258,1124,925]} 1. e4 e5 2. f4 exf4 3. Bc4 d5 4. Bxd5 Nf6 5. Nc3 Bb4 6. Nf3 O-O {C33: King's Gambit Accepted: 3 Nc3 and 3 Bc4} (6... Bxc3 7. dxc3 c6 8. Bc4 Qxd1+ 9. Kxd1 O-O 10. Bxf4 Nxe4 11. Re1 Nf6 12. Re7 Nbd7 13. Ng5 Nb6 14. Bxf7+ Rxf7 15. Rxf7 {0-1 (41) Ganguly,S (2665)-Wang,Y (2699) Ashkhabad 2017}) 7. O-O c6 {LiveBook: 5 Games} 8. Bb3 a5 $146 {White is slightly better.} ({Predecessor:} 8... Bxc3 9. dxc3 Qb6+ 10. Qd4 c5 11. Qf2 Ng4 12. Qh4 c4+ 13. Kh1 cxb3 14. Bxf4 bxc2 {0-1 (27) Jedryczka,K (2321)-Sarakauskas,G (2437) Warsaw 2005}) 9. a4 (9. e5 $1 $16 {[%cal Re5f6]} Bxc3 10. bxc3 (10. dxc3 Qxd1 11. Rxd1 Nh5 $16)) 9... Be6 (9... Bxc3 $14 10. dxc3 Qxd1 11. Rxd1 Na6) 10. Bxe6 fxe6 11. Qe2 Nbd7 12. d4 (12. e5 $1 $16 {[%cal Re5f6]} Nd5 13. Nxd5 cxd5 14. d4) 12... Nh5 (12... e5 $11) 13. e5 Nb6 (13... c5 $142) 14. Ne4 $16 g6 15. c3 Be7 16. Nfd2 (16. g4 $18 Ng7 17. g5) 16... Qd5 (16... c5 $142) 17. b3 {[%cal Bb2b3,Bb3c4][%mdl 32]} Qd8 18. Nc4 Nxc4 19. bxc4 c5 20. Bb2 ({Of course not} 20. Nxc5 $6 Bxc5 21. dxc5 Rf5 $14) (20. dxc5 $6 Qc7 $14) (20. Ba3 $142) 20... Qc7 21. Ba3 {[%cal Ra3c5]} b6 22. Rab1 Rfd8 (22... Rad8 $16 {keeps fighting.}) 23. Qg4 $36 {[%mdl 2048] Black is under strong pressure.} Qc6 24. Nd6 Ng7 {[#]} 25. Qxf4 ({White should play} 25. Nb5 $1 $16) 25... Rf8 $1 $11 {[%cal Rf8f4]} 26. Qc1 Rxf1+ 27. Qxf1 {Qf7+ is the strong threat.} Bxd6 28. exd6 {And now Qf3 would win.} Qxa4 (28... Nf5 $14) 29. Bc1 $16 Rf8 {[#]} 30. Qd3 $1 {Black must now prevent dxc5.} Qc6 $2 {[%mdl 8192]} (30... cxd4 $16 31. Bh6 (31. Rxb6 Qa1 $11) (31. Qxd4 Qc2 $19) (31. cxd4 Qc6 $14) 31... Qd7) 31. dxc5 $18 Nf5 32. cxb6 Nxd6 (32... Qc5+ $142 33. Kh1 Nxd6) 33. Ba3 {White is clearly winning.} Rd8 34. Bxd6 Rxd6 {[#]} 35. Qxd6 $3 {[%mdl 512] Precision: White = 52%, Black = 33%.} 1-0

[Event "Almaty Open 2017"]
[Site "Almaty"]
[Date "2017.10.09"]
[Round "7"]
[White "Zhalmakhanov, Ramazan"]
[Black "Burmakin, Vladimir"]
[Result "0-1"]
[WhiteElo "2252"]
[BlackElo "2515"]
[Annotator "TA"]
[PlyCount "126"]
[EventDate "2017.??.??"]
[EventType "swiss"]
[EventCountry "KAZ"]
[SourceTitle "playchess.com"]
[Source "ChessBase"]
[SourceQuality "1"]

{[%evp 17,126,8,2,0,17,7,18,-8,10,9,18,13,17,22,33,30,27,25,54,13,18,5,15,0,0,0,12,9,55,14,17,5,2,0,0,0,0,0,4,0,5,0,0,-44,-6,-38,0,-61,-66,-46,-45,-81,-70,-93,0,0,0,0,0,0,0,0,25,-35,0,0,0,0,0,-9,0,0,0,0,0,-10,-36,-1257,-1143,-1148,-1214,-8368,-1170,-1438,-1775,-12831,-12832,-12835,-12833,-12832,-12833,-12850,-12850,-12850,-12851,-12851,-12851,-12851,-12851,-12851,-12851,-12851,-12851,-12851,-12851,-12851,-12851,-12851,-12851,-12851,-12851]} 1. e4 c6 2. d4 d5 3. Nd2 dxe4 4. Nxe4 Nd7 5. Nf3 Ngf6 6. Nxf6+ Nxf6 7. Bd3 Bg4 8. c3 e6 9. h3 Bh5 {LiveBook: 20 Games} 10. Be3 {B17: Caro-Kann: Modern Line (4...Nd7)} Nd5 $146 ({Predecessor:} 10... Be7 11. Be2 Nd5 12. Ne5 Nxe3 13. fxe3 Bxe2 14. Qxe2 Bd6 15. Nd3 Qh4+ {1-0 (57) Kravtsiv,M (2559)-Wojtaszek,R (2711) Katowice 2010}) 11. g4 Bg6 12. Qd2 {The position is equal.} Bd6 13. O-O-O {[%cal Be1c1,Bc1b1,Bb1c2][%mdl 32]} Qa5 14. Kb1 O-O-O 15. Bxg6 hxg6 16. c4 Qxd2 17. Bxd2 Nf4 18. Ng5 {Hoping for Bxf4.} Rd7 19. Kc2 Bc7 20. Be3 Re7 21. Nf3 f6 22. h4 b6 23. Bxf4 (23. Bd2 {feels hotter.} Ree8 24. Rde1 Ng2 25. Reg1 Nf4 26. Be3) 23... Bxf4 24. h5 {aiming for Nh4.} gxh5 25. gxh5 {Threatens to win with Nh4.} Rf7 26. Rdg1 Bd6 27. Rg6 Kd7 28. Kd3 Bf4 29. Ke4 Bh6 30. b4 Kc7 31. Re1 Rd8 32. Rd1 (32. Kd3 $11) 32... b5 33. cxb5 cxb5 34. Rd3 Kb7 35. Rc3 Rd6 (35... Rc7 $17 36. Rxc7+ Kxc7) 36. Rc5 $11 Ra6 37. Rxb5+ Kc6 38. Rc5+ Kd6 39. d5 Re7 {And now ...exd5+ would win.} 40. Rg1 ({White should play} 40. dxe6 $11 Rxe6+ 41. Kd4) 40... Rxa2 41. dxe6 Kxe6 42. Nd4+ $1 Kf7+ 43. Kf3 {[#]} Rxf2+ $1 {[%mdl 512]} 44. Kxf2 Be3+ 45. Kg2 Bxd4 46. Rgc1 {Strongly threatening Rc7.} Bxc5 47. Rxc5 $4 {[%mdl 12288] Endgame [#] KR-KR} (47. bxc5 $15 Ke6 48. Re1+ Kd7 49. Ra1) 47... Kg8 $1 $19 {[%cal Rg8h7] Black is clearly winning.} 48. Kf3 Kh7 49. Kf4 {[#]} Kh6 (49... Re5 $142 $1 {[%mdl 512]} 50. Kg3 (50. Rxe5 fxe5+) 50... Kh6) 50. Ra5 Rb7 51. b5 Re7 52. Kg4 Re4+ 53. Kf3 Re5 54. Rxa7 Rxb5 55. Ra8 Rxh5 56. Kg4 Rb5 57. Ra4 g5 58. Ra6 Kg6 59. Rc6 Rb4+ 60. Kg3 Rd4 61. Ra6 Kf5 62. Rb6 Rd3+ 63. Kf2 g4 {Precision: White = 25%, Black = 43%.} 0-1

[Event "Almaty Open 2017"]
[Site "Almaty"]
[Date "2017.10.09"]
[Round "7"]
[White "Karayev, Assylkhan"]
[Black "Markov, Mikhail"]
[Result "0-1"]
[WhiteElo "2243"]
[BlackElo "2420"]
[Annotator "TA"]
[PlyCount "95"]
[EventDate "2017.??.??"]
[EventType "swiss"]
[EventCountry "KAZ"]
[SourceTitle "playchess.com"]
[Source "ChessBase"]
[SourceQuality "1"]

{[%evp 12,95,22,-9,-8,-19,-19,-20,-14,-19,-22,-16,211,216,196,212,213,229,227,185,178,58,60,73,61,67,52,62,62,32,93,95,96,86,112,105,135,91,130,117,122,122,161,0,0,0,0,0,22,21,30,29,34,22,48,42,18,12,58,56,66,50,132,59,68,63,114,22,24,19,21,21,22,0,0,0,0,0,0,0,0,0,0,0,0,0]} 1. e4 c5 2. Nf3 d6 3. Bb5+ Bd7 4. Bxd7+ Qxd7 5. O-O Nc6 6. c3 d5 7. e5 {LiveBook: 6 Partien. B52: Sizilianisch (Rossolimo-Variante)} (7. d3 Nf6 8. e5 Ng4 9. Re1 e6 10. h3 Nh6 11. Bxh6 gxh6 12. Nbd2 Bg7 13. Nb3 b6 14. d4 c4 {1-0 (31) Degraeve,J (2586)-Devallee,J (2284) Agen 2016}) 7... e6 8. d3 Nge7 9. Re1 $146 ({Vorgänger:} 9. Bf4 h6 10. h4 g5 11. hxg5 Ng6 12. Be3 d4 13. cxd4 cxd4 14. Bd2 hxg5 15. Bxg5 {1-0 (41) Svane,R (2157)-Lueders,G (2235) Halle 2010}) 9... Nf5 10. Nbd2 Be7 11. Nf1 f6 $2 (11... a5 $11 {und Schwarz steht sicher.}) 12. g4 $18 Nh6 13. exf6 Bf8 14. Bxh6 $1 gxh6 15. Qe2 Rg8 16. Qxe6+ (16. h3 $18) 16... Qxe6 $14 17. Rxe6+ Kf7 18. Rae1 {Und weiter mit h3 wäre nett.} Rxg4+ 19. Ng3 Rf4 20. Kg2 Rd8 (20... Rxf6 $14 21. Rxf6+ Kxf6) 21. Ne5+ $16 Nxe5 22. R6xe5 ({Viel schlechter ist} 22. R1xe5 $6 Bd6 $11) 22... Rxf6 23. Nh5 Ra6 24. a3 Rb6 25. R1e2 d4 26. c4 Bd6 {[#]} 27. R5e4 $2 ({Besser ist} 27. Rf5+ $1 $18 Kg6 28. Rd5) 27... Rb3 28. Rd2 Rg8+ 29. Ng3 b5 30. cxb5 Rxb5 31. Rh4 Rg6 32. Kf3 Re6 33. Ne4 Be7 34. Rf4+ Ke8 35. Rf5 Reb6 36. a4 Ra5 {[#]} (36... Rxb2 $14 37. Rxb2 Rxb2) 37. Rc2 (37. Re2 $1 $16 {Droht stark Sxc5.} Raa6 38. Nxc5) 37... Rxa4 $14 38. Nxc5 Ra5 ({Lieber} 38... Rab4 $14) 39. Ke4 (39. Re2 $16) 39... Bxc5 40. Rfxc5 Rxc5 {Die Stellung ist ausgeglichen.} 41. Rxc5 Rxb2 $11 {[%mdl 4096] Endspiel KT-KT} 42. f4 Rxh2 43. Kxd4 Re2 44. Ra5 Re7 45. Ra6 Kf7 46. Rxh6 Kg7 47. Ra6 h5 48. f5 {[%mdl 32768] Precision: Weiß = 53%, Schwarz = 47%. . Loss on Time!?} 0-1